000 00604nam a22001937a 4500
003 UA-OsUOA
001 10957
007 ta
008 20050221b un ||||| |||| 00| 0 ukr d
100 _aБернадський В.
700 _aМаковецька О.
942 _cSA
040 _aUA-OsUOA
_cUA-OsUOA
_dUA-OsUOA
245 _aПро вклад технології зварювання в економіку США
300 _aС.79-87
955 _a0
773 0 _w0
_tЕкономіка України
_dКиїв
_d2005
_g№2
650 7 _aЕкономіка зарубіжних країн
_2UDC
999 _c297118
_d297118